[Event "Maresme op 14th"]
[Site "Maresme"]
[Date "2017.11.11"]
[Round "6"]
[White "Marzo Guarinos, Alex"]
[Black "Jimenez Garcia, Marti"]
[Result "1-0"]
[WhiteElo "1690"]
[BlackElo "1268"]
[PlyCount "115"]
[EventDate "2017.09.30"]
[EventType "swiss"]
[EventRounds "9"]
[EventCountry "ESP"]
[SourceTitle "CBM 181 Extra"]
[Source "ChessBase"]
[SourceDate "2017.12.12"]
[SourceVersion "1"]
[SourceVersionDate "2017.12.12"]
[SourceQuality "1"]

1. d4 d5 2. c4 c6 3. Nc3 Nf6 4. Bg5 e6 5. Nf3 Be7 6. e3 0-0 7. cxd5 exd5 8. Bd3 Bg4 9. h3 Be6 10. 0-0 Nbd7 11. Ne5 Ne4 12. Bxe7 Qxe7 13. Nxe4 dxe4 14. Bxe4 Rad8 15. Qc2 Nf6 16. Bd3 Bd5 17. g4 Qe6 18. Bf5 Qd6 19. g5 Nd7 20. Nxd7 Rxd7 21. Bxd7 Qxd7 22. f3 Qxh3 23. Qg2 Qe6 24. e4 Bxa2 25. d5 cxd5 26. Rxa2 dxe4 27. Ra3 exf3 28. Qxf3 Qb6+ 29. Rf2 Qc5 30. Qf4 b5 31. Qe3 Qc8 32. Qf4 f6 33. Raf3 Qe8 34. Qf5 Qe1+ 35. Kg2 Qe7 36. Qd5+ Kh8 37. gxf6 gxf6 38. Rg3 Qe8 39. Kf1 Qb8 40. Qb3 a6 41. Qc3 b4 42. Qd3 Rd8 43. Qf3 Qb5+ 44. Kg1 Rf8 45. Qg4 Qb7 46. Rfg2 Qf7 47. Qg7+ Qxg7 48. Rxg7 a5 49. Ra7 Rd8 50. Rxa5 b3 51. Rb5 h6 52. Rxb3 h5 53. Rb7 h4 54. Kh2 f5 55. Rf7 Rd5 56. Rf2 Kg8 57. R7xf5 Rd4 58. Rg2+ 1-0